Every "Weird Al" Yankovic Song Quiz - Statistics

General Stats
  • This quiz has been taken 3 times
  • The average score is 59 of 163
Answer Stats
Song names % Correct
Albuquerque
100%
Hardware Store
100%
Achy Breaky Song
50%
Addicted to Spuds
50%
Amish Paradise
50%
Angry White Boy Polka
50%
Another One Rides the Bus
50%
Bedrock Anthem
50%
Bob
50%
Bohemian Polka
50%
Buckingham Blues
50%
Buy Me a Condo
50%
Cable TV
50%
Canadian Idiot
50%
Christmas at Ground Zero
50%
Confessions Pt. III
50%
Couch Potato
50%
Dare to Be Stupid
50%
Dog Eat Dog
50%
Don't Download This Song
50%
Don't Wear Those Shoes
50%
Eat It
50%
Ebay
50%
Everything You Know Is Wrong
50%
Fat
50%
Fun Zone
50%
Gandhi II
50%
Generic Blues
50%
Genius In France
50%
George of the Jungle
50%
Germs
50%
Girls Just Want to Have Lunch
50%
Good Enough for Now
50%
Good Old Days
50%
Gotta Boogie
50%
Grapefruit Diet
50%
Happy Birthday
50%
Here's Johnny
50%
Hooked On Polkas
50%
I Can't Watch This
50%
I'll Be Mellow When I'm Dead
50%
I'll Sue Ya
50%
I Lost On Jeopardy
50%
I Love Rocky Road
50%
I Think I'm a Clone Now
50%
It's All About the Pentiums
50%
I Want a New Duck
50%
I Was Only Kidding
50%
Jerry Springer
50%
Jurassic Park
50%
King of Suede
50%
Lasagna
50%
Let Me Be Your Hog
50%
Like a Surgeon
50%
Living With a Hernia
50%
Melanie
50%
Midnight Star
50%
Money for Nothing/Beverly Hillbillies
50%
Mr. Frump In the Iron Lung
50%
Mr. Popeil
50%
My Baby's In Love With Eddie Vedder
50%
My Bologna
50%
Nature Trail To Hell
50%
One More Minute
50%
One of Those Days
50%
Pancreas
50%
Party At the Leper Colony
50%
Polka Face
50%
Polka Party!
50%
Polka Power!
50%
Polkarama!
50%
Polkas On 45
50%
Polka Your Eyes Out
50%
Pretty Fly for a Rabbi
50%
Ricky
50%
She Drives Like Crazy
50%
Slime Creatures from Outer Space
50%
Smells Like Nirvana
50%
Spatula City
50%
Stop Draggin' My Car Around
50%
Stuck In a Closet With Vanna White
50%
Such a Groovy Guy
50%
Taco Grande
50%
That Boy Could Dance
50%
The Alternative Polka
50%
The Biggest Ball of Twine In Minnesota
50%
The Brady Bunch
50%
The Check's In the Mail
50%
The Hot Rocks Polka
50%
Theme from Rocky XIII (aka: The Rye or The Kaiser)
50%
The Plumbing Song
50%
The Saga Begins
50%
The Weird Al Show Theme
50%
The White Stuff
50%
This Is the Life
50%
(This Song's Just) Six Words Long
50%
Trapped In the Drive-Thru
50%
Trash Day
50%
Trigger Happy
50%
Truck Drivin' Song
50%
Twister
50%
UHF
50%
Velvet Elvis
50%
Virus Alert
50%
Waffle King
50%
Wanna B Ur Lovr
50%
Weasel Stomping Day
50%
When I Was Your Age
50%
White & Nerdy
50%
Why Does This Always Happen to Me?
50%
Yoda
50%
You Don't Love Me Anymore
50%
You Make Me
50%
Young, Dumb & Ugly
50%
Your Horoscope for Today
50%
A Complicated Song
0%
Airline Amy
0%
Alimony
0%
Another Tattoo
0%
Attack of the Radioactive Hamsters from a Planet Near Mars
0%
Callin' In Sick
0%
Cavity Search
0%
Close But No Cigar
0%
CNR
0%
Craigslist
0%
Do I Creep You Out
0%
First World Problems
0%
Foil
0%
Frank's 2000" TV
0%
Gump
0%
Handy
0%
Harvey the Wonder Hamster
0%
If That Isn't Love
0%
I'm so Sick of You
0%
Inactive
0%
I Remember Larry
0%
Isle Thing
0%
Jackson Park Express
0%
Lame Claim to Fame
0%
Livin' In The Fridge
0%
Mission Statement
0%
My Own Eyes
0%
NOW That's What I Call Polka!
0%
Ode To a Superhero
0%
Party In the CIA
0%
Perform This Way
0%
Phony Calls
0%
Ringtone
0%
She Never Told Me She Was a Mime
0%
Since You've Been Gone
0%
Skipper Dan
0%
Spam
0%
Sports Song
0%
Stop Forwarding That Crap to Me
0%
Syndicated Inc.
0%
Tacky
0%
Talk Soup
0%
The Night Santa Went Crazy
0%
TMZ
0%
Toothless People
0%
Traffic Jam
0%
Whatever You Like
0%
Word Crimes
0%
No matching quizzes found
Score Distribution
Percent of People with Each Score
Percentile by Number Answered
Your Score History
You have not taken this quiz